| 000 | 00888cam a2200253 a 4500 | ||
|---|---|---|---|
| 005 | 20131021035347.0 | ||
| 008 | 980505s1995 au b 000 0 eng d | ||
| 020 | _a3854283466 | ||
| 041 | 0 |
_aeng _bger |
|
| 080 |
_a321.7 _x(4) |
||
| 100 | 1 | _aFalkner, Gerda. | |
| 245 | 1 | 0 |
_aEuropean Union : _cby Gerda Falkner and Michael Nentwich. |
| 260 |
_aWien : _bService Fachverlag, _c1995. |
||
| 300 |
_a153 p. ; _c25 cm. |
||
| 440 | 0 |
_aSchriftenreihe des Forschungsinstituts für Europafragen ; _vBd. 13 |
|
| 500 | _aPreface : f. V | ||
| 504 | _aIncludes bibliographical references (p. 151-152). | ||
| 546 | _aIn English with abstract in German. | ||
| 610 | 2 | 0 | _aUnioni Europian |
| 650 | 0 |
_aDemokracia _zVendet e Unionit Europian |
|
| 651 | 0 |
_aEuropean Union countries _xPolitika dhe qeverisja |
|
| 700 | 1 |
_aNentwich, Michael, _d1964- |
|
| 942 |
_2udc _cBK |
||
| 999 |
_c136 _d136 |
||